Dual interpersonal comparisons of utility and the welfare economics of income distribution (Registro nro. 25722)

Detalles MARC
000 -LEADER
fixed length control field 00380 a2200109 4500
001 - CONTROL NUMBER
control field ART_11671
005 - DATE AND TIME OF LATEST TRANSACTION
control field 20260410161859.0
008 - FIXED-LENGTH DATA ELEMENTS--GENERAL INFORMATION
fixed length control field 260409a
100 1# - MAIN ENTRY--PERSONAL NAME
Personal name Hammond, Peter
245 10 - TITLE STATEMENT
Title Dual interpersonal comparisons of utility and the welfare economics of income distribution
773 0# - HOST ITEM ENTRY
Title Journal of public economics
Related parts - Vol. 7, Nº 1 (feb. 1977)
Record control number REV11485

No hay ítems disponibles.